000 00504pam a2200193 a 4500
020 _c
040 _aMedical College Lib.
041 _aENG
_hENG
082 _a618
_bHAC
100 _aHacker , N. E. .
245 _aEssentials of Obstetrics & Gynecology /
_c
_hTextual Documents
260 _a :
_bW. B. Saunders ,
_c1998.
300 _a736 ;
_c
365 _a672=00
653 _aObst & Gynac
_aMedical Science
930 _a2151
999 _c2150
_d2150